Giáo trình hoạt động sống và tiến hóa của các hệ cơ quan động vật

Đã lưu trong:
Sonraí Bibleagrafaíochta
Príomhúdar: Thái Trần Bái
Formáid: Leabhar
Teanga:Vietnamese
Foilsithe: H. Giáo dục Việt Nam 2012
Ábhair:
Clibeanna: Cuir Clib Leis
Gan Chlibeanna, Bí ar an gcéad duine leis an taifead seo a chlibeáil!
Thư viện lưu trữ: Mạng thư viện Đại học Đà Nẵng
LEADER 01236nam a2200373 4500
001 000025189
003 21682
005 20170525140528.0
008 170525s2012 viesd
020 |c 95000 
041 0 |a vie 
082 1 4 |a 590  |b TH-B 
100 1 |a Thái Trần Bái 
245 1 0 |a Giáo trình hoạt động sống và tiến hóa của các hệ cơ quan động vật  |c Thái Trần Bái 
260 |a H.  |b Giáo dục Việt Nam  |c 2012 
300 |a 575 tr.  |b hình vẽ  |c 28 cm. 
650 0 4 |a Cơ thể học 
650 0 4 |a Động vật  |v Giáo trình  |x Tiến hóa 
650 0 4 |a Sinh lý học 
650 0 4 |a Tập tính động vật 
653 |a Tiến hóa 
653 |a Cơ thể động vật 
653 |a Hoạt động sống 
653 |a Giáo trình 
OWN |a LSP 
AVA |a UDN50  |b LSP  |d 590 TH-B  |e check_holdings  |t Error 5003 Not defined in file expand_doc_bib_avail.  |h N  |k 1 
999 |a From the UDN01 
AVA |a UDN50  |b LSP  |d 590 TH-B  |e available  |t Error 5001 Not defined in file expand_doc_bib_avail.  |f 30  |g 0  |h N  |i 8  |k 1 
TYP |a Monograph 
TYP |a Printed language 
980 |a Mạng thư viện Đại học Đà Nẵng